The red badge of courage : and selected prose and poetry /

Bibliographic Details
Main Author: Crane, Stephen, 1871-1900
Other Authors: Gibson, William M. (William Merriam), 1912-1987 (Editor)
Format: Book
Language:English
Published: New York : Rinehart and Co., Inc., [1956]
Series:Rinehart Editions ; 47

MARC

Tag First Indicator Second Indicator Subfields
LEADER 00000cam a2200000I 4500
001 in00001760521
005 20151025052225.0
008 751107s1956 nyu 000 1 eng d
035 |a (OCoLC)ocm01814258 
040 |a KSU  |c KSU  |d TXA  |d UtOrBLW 
049 |a TXAM 
090 |a PS1449.C85  |b R4 1956 
100 1 |a Crane, Stephen,  |d 1871-1900. 
245 1 4 |a The red badge of courage :  |b and selected prose and poetry /  |c Edited with an introduction by William M. Gibson. 
264 1 |a New York :  |b Rinehart and Co., Inc.,  |c [1956] 
300 |a xxi, 425 pages ;  |c 19 cm. 
336 |a text  |b txt  |2 rdacontent 
337 |a unmediated  |b n  |2 rdamedia 
338 |a volume  |b nc  |2 rdacarrier 
490 0 |a Rinehart Editions ;  |v 47 
504 |a Includes notes and bibliography (pages xvi-xx). 
536 |a From the Library of Harrison T. Meserole 2002. 
700 1 |a Gibson, William M.  |q (William Merriam),  |d 1912-1987,  |e editor. 
948 |a cataloged  |b cmulkey  |c 2003/5/8  |d 8:42:35 am 
994 |a E0  |b TXA 
999 |a MARS 
999 f f |s da893f5a-53eb-34db-baff-4aa67aa9d7a3  |i 4c0e58e5-9834-3112-9601-a953c9a07ab2  |t 0 
952 f f |p ric  |a Texas A&M University  |b Rellis Campus  |c Joint Library Facility  |d Remote Storage  |t 0  |e PS1449.C85 R4 1956  |h Library of Congress classification  |i unmediated -- volume  |m A14830064421 
998 f f |a PS1449.C85 R4 1956  |t 0  |l Remote Storage